000 00349nam a2200133Ia 4500
005 20260328101508.0
008 260328s9999||||xx |||||||||||||| ||und||
100 _aWeidemann, Julius
245 4 _aThe Best Advertising and Design in the World /
_cJulius Weidemann
260 _bTaschen
300 _a576 p.
650 _aDISEÑO GRÁFICO
942 _cBK
999 _c9115
_d9115